Petróleo, estado y soberanía (Registro nro. 5516)

Detalles MARC
000 -LEADER
fixed length control field 01253 a2200217 4500
001 - CONTROL NUMBER
control field 54355
005 - DATE AND TIME OF LATEST TRANSACTION
control field 20260407155815.0
008 - FIXED-LENGTH DATA ELEMENTS--GENERAL INFORMATION
fixed length control field 260407a2005 arg spa d
003 - CONTROL NUMBER IDENTIFIER
control field AR-UNSa-BCEJYS
040 ## - CATALOGING SOURCE
Original cataloging agency AR-UNSa-BCEJYS
Language of cataloging spa
Transcribing agency AR-UNSa-BCEJYS
080 ## - UNIVERSAL DECIMAL CLASSIFICATION NUMBER
Universal Decimal Classification number 338.45:622.323
Common auxiliary subdivision Industrias Petroleras
020 ## - INTERNATIONAL STANDARD BOOK NUMBER
International Standard Book Number 950-786-457-1
041 ## - LANGUAGE CODE
Language code of text/sound track or separate title spa
100 1# - MAIN ENTRY--PERSONAL NAME
Personal name Bernal, Federico
245 10 - TITLE STATEMENT
Title Petróleo, estado y soberanía
Name of part/section of a work hacia la empresa multiestatal latinoamericana de hidrocarburos
264 #1 - PRODUCTION, PUBLICATION, DISTRIBUTION, MANUFACTURE, AND COPYRIGHT NOTICE
Place of production, publication, distribution, manufacture Buenos Aires :
Name of producer, publisher, distributor, manufacturer Biblos
Date of production, publication, distribution, manufacture, or copyright notice 2005
300 ## - PHYSICAL DESCRIPTION
Extent 350 p.
Dimensions 22 cm.
505 ## - FORMATTED CONTENTS NOTE
Formatted contents note Primera parte: La Argentina,el petróleo y la cuestión nacional - I. Petróleo a conciencia - II. YPF Sociedad del Estado - III. ¿Contratos o concesiones? Autoabastecimiento - IV. Mentiras,endeudamiento y vaciamiento de YPF - V. El menemato - VI. El petróleo de las Islas Malvinas - VII. El petróleo argentino en los albores del siglo XXI - Segunda parte: Emancipación latinoamericana y soberanía energética - VIII. La PDVSA bolivariana.Petrobras.Venezuela y Brasil en la Argentina - IX. La integración petrolera latinoamericana.Pemex.La Argentina como exportadora de petróleo.Bolivia,gas natural e YPFB
590 ## - LOCAL NOTE (RLIN)
Local note niveau_biblio:m niveau_hierar:0
942 ## - ADDED ENTRY ELEMENTS (KOHA)
Koha item type
Existencias
Withdrawn status Lost status Damaged status Not for loan Home library Current library Shelving location Date acquired Total checkouts Full call number Barcode Date last seen Price effective from Koha item type
        Biblioteca Prof. Eusebio Cleto del Rey Biblioteca Prof. Eusebio Cleto del Rey   07/04/2026   338.45:622.323 B517 L116805 07/04/2026 07/04/2026 Libro
        Biblioteca Prof. Eusebio Cleto del Rey Biblioteca Prof. Eusebio Cleto del Rey   07/04/2026   338.45:622.323 B517 L116807 07/04/2026 07/04/2026 Libro
        Biblioteca Prof. Eusebio Cleto del Rey Biblioteca Prof. Eusebio Cleto del Rey   07/04/2026   338.45:622.323 B517 L116806 07/04/2026 07/04/2026 Libro